The Last of Us Part II: Characters - Statistics

General Stats
  • This quiz has been taken 17 times
  • The average score is 11 of 15
Answer Stats
Characters % Correct
Abby
100%
Dina
100%
Ellie
100%
Tommy
100%
Jesse
92%
Owen
92%
Lev
83%
Mel
83%
Maria
75%
Yara
75%
Manny
67%
Nora
67%
Jordan
42%
Leah
33%
Joel Miller
25%
No matching quizzes found
Score Distribution
Percent of People with Each Score
Percentile by Number Answered
Your Score History
You have not taken this quiz